00280nam a2200109 a 450000500170000000800410001705000180005810000240007624500220010026000420012244000060016420140414131856.0100828s19uu xx 00 eng d aFILbD61 2002 aTejido, Jose Miguel aSi Dindo Pundido. aManila, Philippines :bAdarna,c2002. a